000 00586nam a2200241Ia 4500
003 OSt
005 20220924144206.0
006 a|||||r|||| 00| 0
007 ta
008 220923b |||||||| |||| 00| 0 urd d
020 _c15
024 _a312734
037 _cTextual
040 _aARTS
_cARTS
_burd
041 _2urd
_aurd
082 _aO168,1L97x, K9
100 _aAweesi Suleman
_9217202
245 0 _aShaan-e-ghazal
260 _c1969
650 _aURDU POETRY
942 _hO168,1L97x, K9
_cTEXL
_2CC
999 _c456387
_d456387